[Event "POLFINAL MISTRZOSTW POLSKI JUNIOROW 2018 - D13"]
[Site "Szczyrk"]
[Date "1899-12-30"]
[Round "3.4"]
[White "Tim, Anna"]
[Black "Kot, Marta"]
[Result "1/2-1/2"]
[WhiteTitle "I"]
[BlackTitle "II"]
[WhiteElo "1188"]
[BlackElo "1230"]

1. d4 d5 2. c4 c6 3. Nc3 Nf6 4. Bg5 dxc4 5. e3 b5 6. Bxf6 exf6 7. Nxb5 cxb5 8.
Qf3 Bb4+ 9. Kd1 Bg4 10. Qxg4 O-O 11. g3 Nc6 12. Qe2 Re8 13. Nf3 Rc8 14. Bg2 Ne5
15. a3 Nxf3 16. Qxf3 Qa5 17. Ke2 Bd6 18. Rhd1 c3 19. b4 Qa4 20. Kf1 c2 21. Rdc1
Rc3 22. Bh3 Rxa3 23. Rxa3 Qxa3 24. Rxc2 Qd3+ 25. Qe2 Qxe2+ 26. Kxe2 Bxb4 27. Bd7
Rb8 28. Rc8+ Rxc8 29. Bxc8 Bd6 30. Kd3 Kf8 31. Bb7 Ke7 32. Bc6 b4 33. Bd5 a5 34.
Kc4 a4 35. Kb5 a3 36. e4 g5 37. h3 h6 38. Bc4 Ke8 39. Bb3 Ke7 40. Bc4 Kf8 41.
Bd5 Ke7 42. Bb3 h5 43. Ba2 g4 44. hxg4 hxg4 45. Bb3 Ke8 46. Ba2 Ke7 47. Bb3 Kf8
48. Bd5 Ke7 49. Bb3 Kf8 50. Bd5 Ke7 1/2-1/2

[Event "POLFINAL MISTRZOSTW POLSKI JUNIOROW 2018 - D13"]
[Site "Szczyrk"]
[Date "1899-12-30"]
[Round "3.5"]
[White "Bialek, Alicja"]
[Black "Trybus, Dominika"]
[Result "0-1"]
[WhiteTitle "I"]
[BlackTitle "II"]
[WhiteElo "1331"]
[BlackElo "1118"]

1. d4 g6 2. e4 Bg7 3. c4 d6 4. Nc3 Nc6 5. Be3 e5 6. d5 Nce7 7. Nf3 Nf6 8. h3 O-O
9. Bd3 Nh5 10. Qd2 f5 11. Bh6 fxe4 12. Nxe4 Nf4 13. Bxg7 Kxg7 14. g4 c6 15. dxc6
bxc6 16. Be2 Nxe2 17. Qxe2 d5 18. cxd5 cxd5 19. Nc3 e4 20. Nd4 Qb6 21. Rd1 Ba6
22. Qd2 Bd3 23. Nb3 Rf3 24. Na4 Qc6 25. Nd4 Qf6 26. Nxf3 Qxf3 27. Rg1 Rc8 28.
Qe3 Qf6 29. g5 Qe5 30. f4 Qd6 31. Qd4+ Kg8 32. Rg4 Rc2 33. Rd2 Nf5 34. Qxa7 Rc1+
35. Kf2 e3+ 36. Kg2 Be4+ 37. Kh2 Rh1# 0-1

[Event "POLFINAL MISTRZOSTW POLSKI JUNIOROW 2018 - D13"]
[Site "Szczyrk"]
[Date "1899-12-30"]
[Round "3.6"]
[White "Golinska, Patrycja"]
[Black "Reszka, Zofia"]
[Result "0-1"]
[WhiteTitle "I"]
[BlackTitle "I"]
[WhiteElo "1140"]
[BlackElo "1256"]

1. e4 c5 2. Nf3 e6 3. d4 cxd4 4. Nxd4 a6 5. Nc3 Qc7 6. Bd3 Nf6 7. O-O b5 8. a3
Bb7 9. Re1 d6 10. Bg5 Be7 11. Qe2 Nbd7 12. Rad1 O-O 13. h3 Rac8 14. Qd2 Nc5 15.
Re3 Nxd3 16. Qxd3 Rfd8 17. Rg3 d5 18. exd5 Nxd5 19. Bh6 Bf6 20. Ne4 g6 21. Qf3
Bxd4 22. Rxd4 f5 23. Ng5 Qb6 24. Qe2 Re8 25. Qe5 Qc7 26. Qe2 Qxc2 27. Qxc2 Rxc2
28. b4 Rc4 29. Nf3 e5 30. Rd1 Nc3 31. Re1 Ne4 32. Rd1 Nxg3 33. fxg3 Bxf3 34. gxf3
Rc7 35. Rd6 Ra8 36. Re6 a5 37. bxa5 Rxa5 38. Re8+ Kf7 39. Rh8 Ke6 40. Re8+ Re7
41. Rb8 Rxa3 42. Rb6+ Kf7 43. Rxb5 Rxf3 44. Kg2 Rc3 45. Bg5 Re6 46. Rb7+ Kg8 47.
Rb8+ Kf7 48. Rb7+ Kf8 49. Rb8+ Re8 50. Bh6+ Kf7 51. Rb7+ Re7 52. Rb6 Ra7 53. Rb2
Rac7 54. Rf2 Rc2 55. Rxc2 Rxc2+ 56. Kf3 Rc3+ 57. Kf2 Ke6 58. Bd2 Rc2 59. Ke1 Rxd2
60. Kxd2 Kd5 61. Ke3 h6 62. h4 g5 63. h5 f4+ 64. gxf4 exf4+ 65. Kf3 Ke5 66. Kf2
Ke4 67. Ke2 g4 68. Kf2 Kd3 0-1

[Event "POLFINAL MISTRZOSTW POLSKI JUNIOROW 2018 - D13"]
[Site "Szczyrk"]
[Date "1899-12-30"]
[Round "3.10"]
[White "Sidlo, Malgorzata"]
[Black "Zalega, Joanna"]
[Result "0-1"]
[WhiteTitle "II"]
[BlackTitle "II"]
[WhiteElo "1108"]
[BlackElo "1129"]

1. e4 c5 2. d4 cxd4 3. c3 dxc3 4. Nxc3 Nc6 5. Nf3 g6 6. Bf4 d6 7. e5 Bg7 8. exd6
Nf6 9. Nb5 O-O 10. Ne5 exd6 11. Nxc6 bxc6 12. Nxd6 Nd5 13. Nxc8 Qxc8 14. Bc1 Rb8
15. Qd2 Rd8 16. Qa5 Bxb2 17. Rb1 Bc3+ 0-1

[Event "POLFINAL MISTRZOSTW POLSKI JUNIOROW 2018 - D13"]
[Site "Szczyrk"]
[Date "1899-12-30"]
[Round "3.11"]
[White "Labedz, Gabriela"]
[Black "Samol, Julia"]
[Result "0-1"]
[WhiteTitle "II"]
[BlackTitle "III"]
[WhiteElo "1062"]
[BlackElo "1025"]

1. e4 e5 2. Nf3 Nc6 3. d4 exd4 4. Bc4 Nf6 5. e5 Ng4 6. Qe2 Be7 7. h3 Nh6 8. Bxh6
gxh6 9. Qe4 d6 10. Nxd4 Nxd4 11. Qxd4 dxe5 12. Qxe5 Rg8 13. Qh5 Rg7 14. Qxh6 Bf6
15. Nc3 Qd4 16. Nd5 Qe4+ 17. Qe3 Qxe3+ 18. fxe3 Be5 19. g4 c6 20. Nc3 b5 21. Nxb5
cxb5 22. Bxb5+ Bd7 23. Bxd7+ Kxd7 24. O-O-O Ke6 25. Rhf1 Rb8 26. b3 Rgg8 27. e4
Rgd8 28. Rd3 Rd4 29. Rfd1 Rbd8 30. Rxd4 Rxd4 31. Rd3 Rxd3 32. cxd3 Bd4 33. Kc2
a5 34. a3 Kd6 35. b4 a4 36. g5 Ke5 37. Kd2 Kf4 38. Ke2 Kxg5 39. Kf3 Bb2 40. b5
Bxa3 41. b6 Bd6 42. d4 a3 43. e5 Bb8 44. d5 Bxe5 45. Ke4 Bb8 46. Kd4 a2 47. Kc5
a1=Q 48. Kc6 Qa6 49. Kc5 f5 50. h4+ Kxh4 51. d6 Bxd6+ 52. Kxd6 Qxb6+ 0-1

[Event "POLFINAL MISTRZOSTW POLSKI JUNIOROW 2018 - D13"]
[Site "Szczyrk"]
[Date "1899-12-30"]
[Round "3.12"]
[White "Niemier, Martyna"]
[Black "Szczykutowicz, Hanna"]
[Result "1-0"]
[WhiteTitle "II"]
[BlackTitle "II"]
[WhiteElo "1231"]
[BlackElo "1133"]

1. d4 Nf6 2. c4 e5 3. Nf3 Bb4+ 4. Bd2 Qe7 5. Nxe5 O-O 6. Nc3 d6 7. Nf3 c5 8. d5
Nbd7 9. e3 Ne5 10. Nxe5 Qxe5 11. Be2 Bf5 12. O-O Ne4 13. Nxe4 Qxe4 14. Bxb4 cxb4
15. Rc1 Rac8 16. Bf3 Qd3 17. b3 Qxd1 18. Rfxd1 Rfe8 19. Re1 Rc5 20. e4 Bd7 21.
h3 f6 22. Re2 g6 23. Kf1 Kg7 24. Bg4 Bxg4 25. hxg4 g5 26. f3 Rh8 27. Kf2 b6 28.
Ree1 a5 29. Rh1 a4 30. Ke3 axb3 31. axb3 Ra8 32. Ra1 Rca5 33. Rxa5 bxa5 34. Ra1
Kf7 35. Kd3 Ke8 36. Ra4 Kd7 37. Kc2 Kc7 38. Kd3 Kb6 39. Ra1 Kc5 40. Ra4 Kb6 41.
Kd4 Ra7 42. Ra2 Rc7 43. Rc2 Rc8 44. g3 h6 45. Rc1 Rc7 46. f4 a4 47. bxa4 Ka5 48.
Ra1 b3 49. Kc3 Rb7 50. Rb1 Re7 51. Re1 b2 52. Kxb2 Kb4 53. a5 Kxc4 54. a6 Kd4
55. Ra1 Ra7 56. Ra4+ Kc5 57. Kc3 Kb5 58. Ra2 Kc5 59. Kd3 Kb6 60. Kd4 Kc7 61. e5
fxe5+ 62. fxe5 Kd7 63. e6+ Kc7 64. Ke4 Kd8 65. Kf5 Ke8 66. Kf6 Kf8 67. e7+ Ke8
68. Ra3 Rxe7 69. a7 Rf7+ 70. Kg6 Ke7 71. Re3+ Kd7 72. Kxf7 Kc7 73. a8=Q Kd7 74.
Re7# 1-0

[Event "POLFINAL MISTRZOSTW POLSKI JUNIOROW 2018 - D13"]
[Site "Szczyrk"]
[Date "1899-12-30"]
[Round "4.1"]
[White "Krzyzosiak, Anna"]
[Black "Trybus, Dominika"]
[Result "1-0"]
[WhiteTitle "I++"]
[BlackTitle "II"]
[WhiteElo "1515"]
[BlackElo "1118"]

1. e4 g6 2. d4 Bg7 3. Nc3 c6 4. Nf3 d5 5. Be3 Nd7 6. exd5 Ngf6 7. dxc6 bxc6 8.
Bc4 O-O 9. O-O Rb8 10. Bb3 Ng4 11. Bf4 Ra8 12. Qd2 Re8 13. Rfe1 Nb6 14. h3 Nf6
15. Ne5 Nfd5 16. Nxc6 Qd7 17. Nxd5 e6 18. Nxb6 axb6 19. Ne5 Qb7 20. Qc3 Bd7 21.
Nxd7 Qxd7 22. Rad1 Rac8 23. Qb4 Qc6 24. Ba4 Qb7 25. Bxe8 Rxe8 26. Qd6 Rc8 27.
c3 Bf8 28. Qe5 Bg7 29. Qe4 Qd7 30. d5 Qa7 31. dxe6 Rf8 32. e7 Re8 33. Rd8 Rxd8
34. exd8=Q+ Bf8 35. Qxf8+ Kxf8 36. Bh6+ Kg8 37. Qe8# 1-0

[Event "POLFINAL MISTRZOSTW POLSKI JUNIOROW 2018 - D13"]
[Site "Szczyrk"]
[Date "1899-12-30"]
[Round "4.2"]
[White "Matusik, Zuzanna"]
[Black "Czerwinska, Oliwia"]
[Result "1/2-1/2"]
[WhiteTitle "I"]
[BlackTitle "I"]
[WhiteElo "1074"]
[BlackElo "1300"]

1. e4 e5 2. Nf3 Nc6 3. Bc4 Bc5 4. d3 Nf6 5. Bg5 h6 6. Bh4 g5 7. Bg3 d6 8. h3 Be6
9. Bb3 Qe7 10. Nc3 O-O-O 11. Qe2 Nd7 12. O-O-O Rhf8 13. Ba4 Nd4 14. Nxd4 Bxd4
15. Qd2 Nc5 16. Bb3 Nxb3+ 17. cxb3 f5 18. f3 f4 19. Bf2 c5 20. Bxd4 cxd4 21. Nb5
a6 22. Na3 Kb8 23. Kb1 Rc8 24. Rc1 Rxc1+ 25. Rxc1 Rc8 26. Nc4 Bxc4 27. bxc4 Qc7
28. Qb4 Qc5 29. Qa4 Qc6 30. Qa5 Qc5 31. Qa4 Qc6 32. Qa5 1/2-1/2

[Event "POLFINAL MISTRZOSTW POLSKI JUNIOROW 2018 - D13"]
[Site "Szczyrk"]
[Date "1899-12-30"]
[Round "4.3"]
[White "Lajdamik, Anna"]
[Black "Pietrzak, Emilia"]
[Result "1-0"]
[WhiteTitle "II"]
[BlackTitle "II+"]
[WhiteElo "1227"]
[BlackElo "1189"]

1. d4 Nf6 2. Bg5 e6 3. e3 g6 4. Nc3 d5 5. Be2 Bg7 6. Nf3 Nc6 7. Na4 O-O 8. O-O
Bd7 9. Nc3 h6 10. Bh4 Re8 11. Re1 Ne7 12. Bd3 b6 13. e4 dxe4 14. Nxe4 Nf5 15.
Nxf6+ Bxf6 16. Bxf5 Bxh4 17. Nxh4 exf5 18. Nf3 Bc6 19. Ne5 Bb7 20. c3 Qg5 21.
f3 Rad8 22. Qa4 f6 23. Nc6 Bxc6 24. Qxc6 Rxe1+ 25. Rxe1 Qf4 26. Qxf6 Qd6 27. Re6
Qf8 28. Qxg6+ Qg7 29. Qxf5 Qd7 30. Rg6+ Kh8 31. Qf6+ Kh7 32. Rxh6+ Kg8 33. Rh8#
1-0

[Event "POLFINAL MISTRZOSTW POLSKI JUNIOROW 2018 - D13"]
[Site "Szczyrk"]
[Date "1899-12-30"]
[Round "4.4"]
[White "Reszka, Zofia"]
[Black "Tim, Anna"]
[Result "1/2-1/2"]
[WhiteTitle "I"]
[BlackTitle "I"]
[WhiteElo "1256"]
[BlackElo "1188"]

1. e4 e6 2. d4 d5 3. Nd2 dxe4 4. Nxe4 Bd7 5. c3 Bc6 6. Ng3 Nd7 7. Nf3 Ngf6 8. Bd3
Be7 9. O-O O-O 10. Re1 Bxf3 11. Qxf3 c6 12. Ne4 Re8 13. Bd2 e5 14. Be3 exd4 15.
Bxd4 c5 16. Nxf6+ Nxf6 17. Bxf6 Bxf6 18. Rxe8+ Qxe8 19. Qxb7 Rd8 20. Bb5 Rb8 21.
Bxe8 Rxb7 22. b3 Re7 23. Bb5 Bxc3 24. Rd1 g6 25. g3 Kg7 26. Kg2 Kf6 27. Kf3 Re1
28. Rxe1 Bxe1 29. Ke2 Bb4 30. Ke3 Ke5 31. h3 f6 32. Bd3 Bc3 33. f4+ Kd5 34. Bc4+
Kd6 35. Kf3 Ke7 36. Ke4 Kd6 37. g4 h6 38. h4 g5 39. fxg5 fxg5 40. h5 Bg7 1/2-1/2

[Event "POLFINAL MISTRZOSTW POLSKI JUNIOROW 2018 - D13"]
[Site "Szczyrk"]
[Date "1899-12-30"]
[Round "4.7"]
[White "Cieslak, Jessica"]
[Black "Zalega, Joanna"]
[Result "1/2-1/2"]
[WhiteTitle "I"]
[BlackTitle "II"]
[WhiteElo "1318"]
[BlackElo "1129"]

1. d4 Nf6 2. Nf3 e6 3. c4 b6 4. e3 Bb7 5. Bd3 Be7 6. Nc3 O-O 7. O-O c5 8. b3 d6
9. Bb2 Nbd7 10. Bc2 Re8 11. d5 e5 12. Nd2 Bf8 13. f4 g6 14. f5 Bg7 15. Nce4 Nxe4
16. Nxe4 Nf6 17. Qf3 Nxe4 18. Bxe4 Rf8 19. f6 Bh6 20. g4 Bc8 21. Kf2 Bg5 22. Ke2
Qd7 23. h3 Bh4 24. Rg1 Bg5 25. Raf1 b5 26. Bc2 Bh4 27. g5 Qxh3 28. cxb5 Qxf3+
29. Rxf3 Bb7 30. e4 h6 31. gxh6 Kh7 32. Bc1 Rab8 33. a4 Bc8 34. Be3 Rg8 35. Kd2
a6 36. bxa6 Bxa6 37. Bf2 Bxf2 38. Rxf2 Rb4 39. Rf3 Rd4+ 40. Ke1 g5 41. Rh1 Rg6
1/2-1/2

[Event "POLFINAL MISTRZOSTW POLSKI JUNIOROW 2018 - D13"]
[Site "Szczyrk"]
[Date "1899-12-30"]
[Round "4.8"]
[White "Samol, Julia"]
[Black "Golinska, Patrycja"]
[Result "0-1"]
[WhiteTitle "III"]
[BlackTitle "I"]
[WhiteElo "1025"]
[BlackElo "1140"]

1. e4 e5 2. Nf3 Nc6 3. Bc4 Nf6 4. O-O Bc5 5. d3 h6 6. c3 O-O 7. Bb3 d6 8. Re1 Bg4
9. Nbd2 Re8 10. Nf1 Qe7 11. Ng3 Rad8 12. h3 Be6 13. d4 Bxb3 14. axb3 exd4 15.
cxd4 Bb6 16. Bf4 a6 17. Rc1 Qd7 18. Rc2 Nb4 19. Rc4 Nc6 20. Qd3 d5 21. exd5 Rxe1+
22. Nxe1 Qxd5 23. Nf3 Nxd4 24. Nxd4 Bxd4 25. Rxc7 Bxf2+ 26. Kxf2 Qxd3 27. Rxb7
Ne4+ 28. Nxe4 Qxe4 29. Bc7 Rd2+ 30. Kg3 Rxg2# 0-1

[Event "POLFINAL MISTRZOSTW POLSKI JUNIOROW 2018 - D13"]
[Site "Szczyrk"]
[Date "1899-12-30"]
[Round "4.9"]
[White "Bienek, Magdalena"]
[Black "Bialek, Alicja"]
[Result "1-0"]
[WhiteTitle "II"]
[BlackTitle "I"]
[WhiteElo "1126"]
[BlackElo "1331"]

1. c4 e5 2. Nc3 Nf6 3. Nf3 Nc6 4. d4 exd4 5. Nxd4 Nxd4 6. Qxd4 c5 7. Qd3 b6 8.
Nd5 Nxd5 9. Qxd5 Ba6 10. b3 Be7 11. Bb2 O-O 12. Rd1 Bf6 13. Bxf6 Qxf6 14. e3 Rfd8
15. Be2 Rab8 16. Bf3 Bb7 17. Qh5 Bxf3 18. Qxf3 Qxf3 19. gxf3 Kf8 20. Ke2 Ke7 21.
Rhg1 g6 22. Rg4 d6 23. h4 h5 24. Rg5 Kd7 25. e4 Kc7 26. e5 Re8 27. Rxd6 Rxe5+
28. Rxe5 Kxd6 29. Rd5+ Kc7 30. f4 Re8+ 31. Re5 Rxe5+ 32. fxe5 a6 33. f4 b5 34.
Kd3 Kb6 35. Ke4 bxc4 36. bxc4 Kc6 37. f5 gxf5+ 38. Kxf5 Kd7 39. Kf6 Ke8 40. e6
fxe6 41. Kxe6 Kd8 42. Kd6 Kc8 43. Kxc5 Kc7 44. Kd5 a5 45. a4 Kd7 46. c5 Kc7 47.
c6 Kc8 48. Kc5 Kc7 49. Kb5 Kb8 50. Kxa5 Ka7 51. Kb5 Kb8 52. Kb6 Ka8 53. Kc7 Ka7
54. Kd8 1-0

[Event "POLFINAL MISTRZOSTW POLSKI JUNIOROW 2018 - D13"]
[Site "Szczyrk"]
[Date "1899-12-30"]
[Round "4.11"]
[White "Sidlo, Malgorzata"]
[Black "Baran, Dagmara"]
[Result "1/2-1/2"]
[WhiteTitle "II"]
[BlackTitle "I"]
[WhiteElo "1108"]
[BlackElo "1220"]

1. e4 e6 2. Qe2 Nc6 3. g3 e5 4. Nf3 Nf6 5. d3 d6 6. h3 Be6 7. Bg2 h6 8. Nc3 Qd7
9. Be3 Be7 10. O-O-O a6 11. d4 exd4 12. Nxd4 Nxd4 13. Bxd4 Qc6 14. Rhg1 Qc4 15.
Qxc4 Bxc4 16. e5 dxe5 17. Bxe5 c6 18. Rge1 O-O 19. a3 Rad8 20. Bd4 Rfe8 21. Na4
Be6 22. Nc5 Bxc5 23. Bxc5 Rxd1+ 24. Rxd1 Bd5 25. Bxd5 Nxd5 26. c4 Nf6 27. Kc2
Re2+ 28. Kd3 Rxb2 29. Kc3 Re2 30. Kd3 Re8 31. Rb1 Rd8+ 32. Ke3 Rd7 33. Kf4 g6
34. g4 Kg7 35. h4 g5+ 36. hxg5 hxg5+ 37. Kf5 b5 38. f4 bxc4 39. fxg5 Rd5+ 40.
Kf4 Rxc5 41. gxf6+ Kxf6 42. Rc1 c3 43. a4 Rc4+ 44. Kf3 Kg5 45. Ke2 Kxg4 46. Kd3
Rf4 47. Kxc3 c5 48. Kb3 c4+ 49. Kc3 f5 50. Rg1+ Kh3 51. Rg6 Rg4 52. Rxa6 f4 53.
Kxc4 f3+ 54. Kd3 Kg2 55. Rf6 f2 56. Kc3 Rg3+ 57. Kb4 Rf3 58. Rg6+ Rg3 59. Rf6
f1=Q 60. Rxf1 Kxf1 61. Kb5 Rg6 62. a5 Ke2 63. a6 Kd3 64. a7 Rg5+ 65. Kb6 Rg6+
66. Kb7 Rg7+ 67. Kb8 Rg8+ 68. Kb7 Rg7+ 69. Kb8 Kd4 70. a8=Q Rg8+ 71. Kb7 Rxa8
72. Kxa8 1/2-1/2

[Event "POLFINAL MISTRZOSTW POLSKI JUNIOROW 2018 - D13"]
[Site "Szczyrk"]
[Date "1899-12-30"]
[Round "4.12"]
[White "Labedz, Gabriela"]
[Black "Szymura, Oliwia"]
[Result "1-0"]
[WhiteTitle "II"]
[BlackTitle "II"]
[WhiteElo "1062"]
[BlackElo "1174"]

1. e4 e5 2. Nf3 Nc6 3. d4 exd4 4. Bc4 Be7 5. Nxd4 d6 6. Nc3 Nf6 7. O-O O-O 8. Be3
Ng4 9. Nxc6 bxc6 10. Bd2 Ne5 11. Bb3 Be6 12. h3 d5 13. Be3 dxe4 14. Nxe4 Bf5 15.
Ng3 Bg6 16. f4 Bh4 17. Kh2 Qxd1 18. Raxd1 Bxg3+ 19. Kxg3 Bh5 20. Rd2 Ng6 21. f5
Ne7 22. Kh4 g6 23. g4 Kh8 24. f6 Ng8 25. gxh5 Nh6 26. Bxh6 Rfe8 27. Bxf7 g5+ 28.
Kxg5 Re5+ 29. Kf4 Rae8 30. Bg7# 1-0

[Event "POLFINAL MISTRZOSTW POLSKI JUNIOROW 2018 - D13"]
[Site "Szczyrk"]
[Date "1899-12-30"]
[Round "5.1"]
[White "Lajdamik, Anna"]
[Black "Krzyzosiak, Anna"]
[Result "1/2-1/2"]
[WhiteTitle "II"]
[BlackTitle "I++"]
[WhiteElo "1227"]
[BlackElo "1515"]

1. d4 Nf6 2. Bf4 c5 3. e3 Qb6 4. Nc3 Qxb2 5. Nb5 Na6 6. Rb1 Qxa2 7. Ra1 Qb2 8.
Rb1 Qa2 9. Ra1 Qb2 10. Rb1 Qa2 11. Ra1 Qb2 1/2-1/2

[Event "POLFINAL MISTRZOSTW POLSKI JUNIOROW 2018 - D13"]
[Site "Szczyrk"]
[Date "1899-12-30"]
[Round "5.2"]
[White "Uliasz, Katarzyna"]
[Black "Czerwinska, Oliwia"]
[Result "1/2-1/2"]
[WhiteTitle "I"]
[BlackTitle "I"]
[WhiteElo "1229"]
[BlackElo "1300"]

1. e4 e5 2. Nf3 Nc6 3. Bb5 Nf6 4. O-O Nxe4 5. Re1 Nd6 6. Nxe5 Be7 7. Bf1 O-O 8.
d4 Bf6 9. Bf4 Nf5 10. c3 d6 11. Ng4 Bg5 12. Bxg5 Qxg5 13. Ne3 Nxe3 14. Rxe3 Bd7
15. Rg3 Qf6 16. Nd2 Rfe8 17. Nc4 Ne7 18. Ne3 c6 19. Bd3 Ng6 20. Qd2 d5 21. Rf1
Qd6 22. Nf5 Bxf5 23. Bxf5 Qf4 24. Qd3 Re7 25. Bxg6 hxg6 26. Rf3 Qd6 27. Re3 Rae8
28. Rfe1 Kf8 29. h3 Rxe3 30. Rxe3 Re6 31. g3 1/2-1/2

[Event "POLFINAL MISTRZOSTW POLSKI JUNIOROW 2018 - D13"]
[Site "Szczyrk"]
[Date "1899-12-30"]
[Round "5.3"]
[White "Pietrzak, Emilia"]
[Black "Matusik, Zuzanna"]
[Result "1/2-1/2"]
[WhiteTitle "II+"]
[BlackTitle "I"]
[WhiteElo "1189"]
[BlackElo "1074"]

1. e4 e5 2. Nc3 Nc6 3. f4 Bb4 4. Nf3 d6 5. Bc4 Nf6 6. d3 O-O 7. O-O Ng4 8. Qe2
Bc5+ 9. Kh1 Nd4 10. Nxd4 Bxd4 11. h3 exf4 12. Bxf4 Qh4 13. Qf3 Nf2+ 14. Kh2 Ng4+
15. Kh1 Nf6 16. Qg3 Qxg3 17. Bxg3 Be6 18. Bxe6 fxe6 19. Nb5 Bb6 20. Bf2 Bxf2 21.
Rxf2 Nh5 22. Rxf8+ Rxf8 23. g4 Nf4 24. Kh2 a6 25. Nc3 Rf6 26. Rf1 e5 27. Rf2 g5
28. Nd1 Kg7 29. Ne3 Kf7 30. Nf5 b6 31. Rf3 Ke6 1/2-1/2

[Event "POLFINAL MISTRZOSTW POLSKI JUNIOROW 2018 - D13"]
[Site "Szczyrk"]
[Date "1899-12-30"]
[Round "5.5"]
[White "Trybus, Dominika"]
[Black "Kot, Marta"]
[Result "0-1"]
[WhiteTitle "II"]
[BlackTitle "II"]
[WhiteElo "1118"]
[BlackElo "1230"]

1. g3 e5 2. Bg2 d5 3. d3 Nf6 4. Nc3 Bf5 5. e4 dxe4 6. dxe4 Qxd1+ 7. Kxd1 Bd7 8.
Bg5 Be7 9. Nf3 Nc6 10. Bd2 O-O-O 11. Ne1 Ng4 12. Nd3 Nb4 13. Nd5 Nxd5 14. exd5
Bb5 15. Bh3 Bxd3 16. Bxg4+ f5 17. Bh3 Be4 18. Re1 Rxd5 19. Rxe4 g6 20. c3 Rhd8
21. Re2 Bg5 22. f4 exf4 23. Kc2 f3 24. Bxg5 fxe2 25. Bxd8 Kxd8 26. Re1 Re5 27.
Bg2 b6 28. Bf3 Kd7 29. Bxe2 Kd6 30. Rd1+ Ke7 31. Bb5 Rxb5 32. Re1+ Kf7 33. Rd1
Ke7 34. Re1+ Kd7 35. Rd1+ Kc8 36. Re1 Kd7 37. Rd1+ Ke7 38. Re1+ Kf7 39. Rd1 Ke7
40. Re1+ Kd7 41. Rd1+ Ke7 42. Re1+ Kf7 43. Rd1 Re5 44. Rd7+ Re7 45. Rd2 h5 46.
h4 Kf6 47. b4 g5 48. Rh2 Re3 49. hxg5+ Kxg5 50. Rg2 Kg4 51. Rd2 Kxg3 52. Rd7 h4
53. Rg7+ Kf3 54. Kd2 Re2+ 55. Kd3 Rg2 56. Rxc7 h3 57. Rh7 Rg3 58. Re7 h2 59. Rh7
Kg2+ 60. Kd4 h1=Q 61. Rxh1 Kxh1 62. c4 Ra3 63. c5 bxc5+ 64. bxc5 Rxa2 65. Kd3
Ra6 66. Kc4 f4 67. Kb5 Rf6 68. c6 Rxc6 69. Kxc6 f3 70. Kb7 a5 71. Kb6 a4 72. Kb5
a3 73. Ka4 a2 74. Kb3 a1=Q 75. Kc4 Qa3 76. Kd4 f2 77. Kc4 f1=R 78. Kd4 Rf4+ 79.
Ke5 Rb4 80. Kd5 Qa5+ 81. Kc6 Rb6+ 82. Kc7 Qa7+ 83. Kc8 Rb8# 0-1

[Event "POLFINAL MISTRZOSTW POLSKI JUNIOROW 2018 - D13"]
[Site "Szczyrk"]
[Date "1899-12-30"]
[Round "5.6"]
[White "Tim, Anna"]
[Black "Bienek, Magdalena"]
[Result "0-1"]
[WhiteTitle "I"]
[BlackTitle "II"]
[WhiteElo "1188"]
[BlackElo "1126"]

1. d4 d5 2. c4 e6 3. Nc3 Nf6 4. Bg5 Be7 5. e3 O-O 6. cxd5 Nxd5 7. Bxe7 Qxe7 8.
Nxd5 exd5 9. Nf3 Bg4 10. Be2 Nd7 11. O-O c6 12. Qd3 Rfe8 13. Rac1 Bxf3 14. Bxf3
Nf6 15. h3 Ne4 16. Bxe4 Qxe4 17. Rfd1 Rac8 18. Qxe4 Rxe4 19. Rc3 Re7 20. Rc5 Rec7
21. Kf1 b6 22. Rc3 c5 23. dxc5 Rxc5 24. Rxc5 Rxc5 25. e4 Kf8 26. Rxd5 Rxd5 27.
exd5 Ke7 28. Ke2 Kd6 29. b4 Kxd5 30. Kd3 b5 31. f3 f5 32. g4 fxg4 33. fxg4 g5
34. a3 h6 35. Kc3 Ke4 36. Kb3 Kd3 37. Kb2 a6 38. Kb3 Ke3 39. Kc3 Kf3 40. Kd4 Kg3
41. Kc5 Kxh3 42. Kb6 Kxg4 43. Kxa6 h5 44. Kxb5 h4 45. Ka6 h3 46. b5 h2 47. b6
h1=Q 48. b7 Qh8 49. Ka7 Qd4+ 50. Kb8 Qa4 51. Kc7 Qxa3 52. b8=Q Qg3+ 0-1

[Event "POLFINAL MISTRZOSTW POLSKI JUNIOROW 2018 - D13"]
[Site "Szczyrk"]
[Date "1899-12-30"]
[Round "5.7"]
[White "Golinska, Patrycja"]
[Black "Cieslak, Jessica"]
[Result "1-0"]
[WhiteTitle "I"]
[BlackTitle "I"]
[WhiteElo "1140"]
[BlackElo "1318"]

1. e4 c5 2. Nf3 a6 3. d4 cxd4 4. Nxd4 Nf6 5. Nc3 e5 6. Nf3 Bb4 7. Bd3 Nc6 8. Bd2
d6 9. h3 Be6 10. O-O O-O 11. a3 Ba5 12. Re1 Qd7 13. Qe2 Rac8 14. Rad1 Rfe8 15.
Ng5 Nd4 16. Qe3 Bc4 17. Nf3 Bxd3 18. Qxd3 Nxf3+ 19. Qxf3 Qc7 20. Qg3 Kh8 21. Re3
Rcd8 22. Qg5 h6 23. Qh4 Kh7 24. Rg3 Rg8 25. Re1 Bxc3 26. bxc3 Qe7 27. Bg5 Qc7
28. Ree3 Rde8 29. Bxf6 gxf6 30. Qxf6 Re6 31. Qf5+ Rgg6 32. Rxg6 Rxg6 33. Rg3 Kg7
34. Rf3 Rg5 35. Qf6+ Kg8 36. Qxh6 Rg6 37. Qe3 Qa5 38. Qa7 Qb5 39. Qb8+ Kg7 40.
Qc7 Qb1+ 41. Kh2 Qa2 42. c4 Qxc2 43. Qxf7+ Kh6 44. Qf8+ 1-0

[Event "POLFINAL MISTRZOSTW POLSKI JUNIOROW 2018 - D13"]
[Site "Szczyrk"]
[Date "1899-12-30"]
[Round "5.9"]
[White "Zalega, Joanna"]
[Black "Samol, Julia"]
[Result "1-0"]
[WhiteTitle "II"]
[BlackTitle "III"]
[WhiteElo "1129"]
[BlackElo "1025"]

1. d4 d5 2. c4 dxc4 3. Nc3 Nf6 4. e4 c6 5. Bxc4 Nbd7 6. Nge2 Nb6 7. Bb3 e6 8. Bg5
Be7 9. Qd2 O-O 10. O-O Nfd7 11. Bxe7 Qxe7 12. Rac1 Rd8 13. Qe3 e5 14. Rfd1 exd4
15. Nxd4 Ne5 16. Nce2 Ng4 17. Qf4 Ne5 18. Ng3 a5 19. Ndf5 Bxf5 20. Nxf5 Qc7 21.
Qg5 Ng6 22. a3 Nd7 23. h4 h6 24. Qxg6 Qe5 25. Nxh6+ Kh8 26. Nxf7+ Kg8 27. Nxe5+
Kh8 28. Qh5# 1-0

[Event "POLFINAL MISTRZOSTW POLSKI JUNIOROW 2018 - D13"]
[Site "Szczyrk"]
[Date "1899-12-30"]
[Round "5.10"]
[White "Baran, Dagmara"]
[Black "Labedz, Gabriela"]
[Result "1-0"]
[WhiteTitle "I"]
[BlackTitle "II"]
[WhiteElo "1220"]
[BlackElo "1062"]

1. e4 c5 2. Nc3 Nc6 3. f4 e6 4. Bb5 Be7 5. Nf3 a6 6. Bxc6 bxc6 7. O-O Nf6 8. d3
O-O 9. Qe2 d5 10. e5 Nd7 11. Nd1 Nb6 12. b3 f6 13. Nf2 a5 14. a4 Ba6 15. Rd1 Qc7
16. c4 Rab8 17. Ra3 Rb7 18. Bd2 Nd7 19. Qe1 Bd8 20. exf6 Nxf6 21. Qxe6+ Kh8 22.
Qe5 Qc8 23. Qc3 d4 24. Qc2 Re7 25. Re1 Rfe8 26. Rxe7 Rxe7 27. Ra1 Bc7 28. g3 Ng4
29. Ne4 Bb7 30. Nxc5 Ba8 31. Ne4 Qf5 32. Nxd4 Qh5 33. Nf3 Ne3 34. Bxe3 Qxf3 35.
Qf2 Qh5 36. Bb6 Bb8 37. Qc5 Qf7 38. Qxa5 Ba7 39. Bxa7 Rxa7 40. Qd8+ Qg8 41. Qxg8+
Kxg8 42. Kf2 Kf7 43. b4 Kg6 44. g4 h5 45. h3 hxg4 46. hxg4 Rb7 47. b5 cxb5 48.
axb5 Rb8 49. Ra6+ Kh7 50. b6 Bb7 51. Ra7 Bxe4 52. dxe4 Rxb6 53. Ke3 Kg8 54. Kd4
g5 55. fxg5 Rg6 56. c5 Rxg5 57. c6 Rxg4 58. c7 Kf8 59. c8=Q# 1-0

[Event "POLFINAL MISTRZOSTW POLSKI JUNIOROW 2018 - D13"]
[Site "Szczyrk"]
[Date "1899-12-30"]
[Round "5.11"]
[White "Bialek, Alicja"]
[Black "Sidlo, Malgorzata"]
[Result "0-1"]
[WhiteTitle "I"]
[BlackTitle "II"]
[WhiteElo "1331"]
[BlackElo "1108"]

1. e4 e5 2. Nf3 Nc6 3. Nc3 Nf6 4. Bb5 Bb4 5. O-O d6 6. d3 h6 7. Nd5 Bc5 8. c3 O-O
9. Bxc6 bxc6 10. Nxf6+ Qxf6 11. d4 Bb6 12. dxe5 dxe5 13. h3 Ba6 14. Re1 Rfd8 15.
Qa4 Bb5 16. Qb3 a5 17. c4 a4 18. Qc2 Ba6 19. Qxa4 Qe6 20. Qb4 Bxc4 21. Qc3 Bd4
22. Nxd4 exd4 23. Qg3 Rd7 24. a3 d3 25. Rd1 Rad8 26. Qe3 Qe5 27. f3 f5 28. Bd2
f4 29. Qe1 0-1

[Event "POLFINAL MISTRZOSTW POLSKI JUNIOROW 2018 - D13"]
[Site "Szczyrk"]
[Date "1899-12-30"]
[Round "6.1"]
[White "Krzyzosiak, Anna"]
[Black "Uliasz, Katarzyna"]
[Result "1-0"]
[WhiteTitle "I++"]
[BlackTitle "I"]
[WhiteElo "1515"]
[BlackElo "1229"]

1. e4 c5 2. Nf3 e6 3. d4 cxd4 4. Nxd4 Nf6 5. f3 Nc6 6. Be2 d5 7. exd5 Nxd5 8. Nxc6
bxc6 9. O-O Bc5+ 10. Kh1 Qf6 11. c4 Nb6 12. Nc3 Bf8 13. Ne4 Qe7 14. c5 Nd5 15.
Nd6+ Kd8 16. Qa4 Qd7 17. Qa5+ Ke7 18. Bc4 Nf6 19. Bg5 h6 20. Bxf6+ Kxf6 21. Qc3+
Ke7 22. Nf5+ Ke8 23. Nxg7+ Bxg7 24. Qxg7 Rf8 25. Rad1 Qc7 26. Rd6 Qa5 27. Rfd1
Ke7 28. Qd4 Qc7 29. Qe4 Rg8 30. Qxc6 Qb8 31. b3 Kf6 32. Qe4 Bb7 33. Qd4+ Kg6 34.
Bd3+ Kh5 35. Qe5+ f5 36. Qxe6 Qf8 37. Qxf5+ Qxf5 38. Bxf5 Kg5 39. Bc2 Rac8 40.
b4 a5 41. a3 axb4 42. axb4 Rce8 43. Bb3 Rg7 44. Re6 Rxe6 45. Bxe6 Re7 46. Bd5
Rd7 47. Bb3 Re7 48. Bc4 Rc7 49. Kg1 Bc8 50. Kf2 Bd7 51. Rd5+ Kf6 52. Rd6+ Kg7
53. Ke3 Bf5 54. Bd3 Re7+ 55. Kf2 Bxd3 56. Rxd3 Rb7 57. Rb3 Kf6 58. c6 Rc7 59.
b5 Ke6 60. b6 Rxc6 61. b7 Rc2+ 62. Kg3 h5 63. b8=Q h4+ 64. Kxh4 Rxg2 65. Rb5 1-0